| 000 | 00821nam a22002177a 4500 | ||
|---|---|---|---|
| 999 |
_c20484 _d20484 |
||
| 003 | AR-CdUCM | ||
| 008 | 190530b ||||| |||| 00| 0 spa d | ||
| 040 |
_aMUNICIPALIDAD PROVINCIAL DEL CUSCO _cBIBLIOTECA MUNICIPAL DEL CUSCO |
||
| 041 | _heng | ||
| 082 |
_a636.089 / _bJ39 |
||
| 100 |
_aJensen, Rue y Donald R. Mackey. _942825 |
||
| 245 | _aEnfermedades de los bovinos en los corrales de engorda / | ||
| 260 |
_aMéxico, D.F : _bHispano - Americana _c1973. |
||
| 300 |
_a413 páginas ; _c27 cm. _b191 ilustraciones. |
||
| 505 | _aContenido: Preacondicionamiento del ganado -- Enfermedades causadas por virus -- Enfermedades causadas porbacterias... | ||
| 650 |
_aGanado vacuno _923879 |
||
| 650 |
_aEnfermedades _95611 |
||
| 700 |
_aLa fuente, Gonzalo H. De _942826 |
||
| 942 |
_2ddc _cLIBROS |
||
| 945 | _aJavier | ||